Psychology / (Record no. 358468)
[ view plain ]
| 000 -LEADER | |
|---|---|
| fixed length control field | 00369nam a2200133Ia 4500 |
| 008 - FIXED-LENGTH DATA ELEMENTS--GENERAL INFORMATION | |
| fixed length control field | 180901s9999 xx 000 0 und d |
| 020 ## - INTERNATIONAL STANDARD BOOK NUMBER | |
| International Standard Book Number | 978971989807025 |
| 100 ## - MAIN ENTRY--PERSONAL NAME | |
| Personal name | Rathus,Spencer A. |
| 245 ## - TITLE STATEMENT | |
| Statement of responsibility, etc | Spencer A. Rathus.-- |
| Title | Psychology / |
| 250 ## - EDITION STATEMENT | |
| Edition statement | Philippine ed |
| 260 ## - PUBLICATION, DISTRIBUTION, ETC. (IMPRINT) | |
| Place of publication, distribution, etc | Quezon City : |
| Name of publisher, distributor, etc | C & E Publishing |
| Date of publication, distribution, etc | 2017 |
| 300 ## - PHYSICAL DESCRIPTION | |
| Extent | v, 294 pages. |
| 650 ## - SUBJECT ADDED ENTRY--TOPICAL TERM | |
| Topical term or geographic name as entry element | Psychology. |
| Withdrawn status | Lost status | Damaged status | Home library | Current library | Shelving location | Date acquired | Source of acquisition | Total Checkouts | Full call number | Barcode | Date last seen | Price effective from | Koha item type |
|---|---|---|---|---|---|---|---|---|---|---|---|---|---|
| South SEED-LPDH College Library | South SEED-LPDH College Library | South SEED-LPDH College Section | 09/01/2018 | Library Fund | BF 121 .R325 2017 | SSLC1721 | 09/01/2018 | 09/01/2018 | Books |